<?xml version="1.0" encoding="UTF-8"?>
<record
    xmlns:xsi="http://www.w3.org/2001/XMLSchema-instance"
    xsi:schemaLocation="http://www.loc.gov/MARC21/slim http://www.loc.gov/standards/marcxml/schema/MARC21slim.xsd"
    xmlns="http://www.loc.gov/MARC21/slim">

  <leader>01794nac a22002891u 4500</leader>
  <controlfield tag="005">20240227094417.0</controlfield>
  <controlfield tag="008">110711s2002    le|||||| |||  00| 0 ra d </controlfield>
  <datafield tag="082" ind1="0" ind2="4">
    <subfield code="a">956.903</subfield>
    <subfield code="b">&#x62D; &#x635; &#x627;</subfield>
    <subfield code="2">22</subfield>
  </datafield>
  <datafield tag="100" ind1="0" ind2=" ">
    <subfield code="a">&#x64A;&#x633;&#x631;&#x64A; &#x641;&#x648;&#x62F;&#x629;</subfield>
    <subfield code="9">26267</subfield>
  </datafield>
  <datafield tag="245" ind1="0" ind2="0">
    <subfield code="a">&#x62D;&#x635;&#x627;&#x631; &#x627;&#x644;&#x645;&#x647;&#x62F;</subfield>
    <subfield code="h">[&#x62A;&#x633;&#x62C;&#x64A;&#x644; &#x645;&#x631;&#x626;&#x64A;] /</subfield>
    <subfield code="c">&#x642;&#x646;&#x627;&#x629; &#x627;&#x644;&#x62C;&#x632;&#x64A;&#x631;&#x629;.</subfield>
  </datafield>
  <datafield tag="260" ind1=" " ind2=" ">
    <subfield code="b">&#x628;&#x64A;&#x631;&#x648;&#x62A; :</subfield>
    <subfield code="a">&#x634;&#x631;&#x643;&#x629; &#x635;&#x628;&#x627;&#x62D; &#x644;&#x644;&#x625;&#x639;&#x644;&#x627;&#x645;&#x60C;</subfield>
    <subfield code="c">2002</subfield>
  </datafield>
  <datafield tag="300" ind1=" " ind2=" ">
    <subfield code="a">1 &#x642;&#x631;&#x635; &#x636;&#x648;&#x626;&#x64A; &#x645;&#x644;&#x64A;&#x632;&#x631; )50 &#x62F;&#x642;( :</subfield>
    <subfield code="b">&#x631;&#x642;&#x645;&#x64A; &#x61B;</subfield>
    <subfield code="c">4 3/4 &#x628;&#x648;</subfield>
  </datafield>
  <datafield tag="490" ind1=" " ind2=" ">
    <subfield code="9">26250</subfield>
    <subfield code="a">&#x633;&#x644;&#x633;&#x644;&#x629; &#x633;&#x631;&#x64A; &#x644;&#x644;&#x63A;&#x627;&#x64A;&#x629;</subfield>
  </datafield>
  <datafield tag="511" ind1=" " ind2=" ">
    <subfield code="a">&#x62A;&#x639;&#x644;&#x64A;&#x642; &#x64A;&#x633;&#x631;&#x64A; &#x641;&#x648;&#x62F;&#x629;</subfield>
  </datafield>
  <datafield tag="520" ind1=" " ind2=" ">
    <subfield code="a">The harshest Israel invasion of the west bank, the killing and the psychological war, the flames and the fire grenades inside the church.The arrival of the negotiating committee and the Vatican interference.The deal of meals in exchange of men, the negotiation between Sharon and Abu Ammar</subfield>
  </datafield>
  <datafield tag="520" ind1=" " ind2=" ">
    <subfield code="a">&#x623;&#x634;&#x631;&#x633; &#x627;&#x639;&#x62A;&#x62F;&#x627;&#x621; &#x627;&#x633;&#x631;&#x627;&#x626;&#x64A;&#x644;&#x64A; &#x639;&#x644;&#x649; &#x627;&#x644;&#x636;&#x641;&#x629;. &#x623;&#x633;&#x627;&#x644;&#x64A;&#x628; &#x627;&#x644;&#x642;&#x62A;&#x627;&#x644; &#x648;&#x627;&#x644;&#x62D;&#x631;&#x628; &#x627;&#x644;&#x646;&#x641;&#x633;&#x64A;&#x629;. &#x646;&#x64A;&#x631;&#x627;&#x646; &#x648;&#x642;&#x646;&#x627;&#x628;&#x644; &#x62D;&#x627;&#x631;&#x642;&#x629; &#x62F;&#x627;&#x62E;&#x644; &#x627;&#x644;&#x643;&#x646;&#x64A;&#x633;&#x629;. &#x648;&#x635;&#x648;&#x644; &#x627;&#x644;&#x648;&#x641;&#x62F; &#x627;&#x644;&#x645;&#x641;&#x627;&#x648;&#x636; &#x648;&#x62A;&#x62F;&#x62E;&#x644; &#x627;&#x644;&#x641;&#x627;&#x62A;&#x64A;&#x643;&#x627;&#x646; &#x641;&#x64A; &#x627;&#x644;&#x645;&#x641;&#x627;&#x648;&#x636;&#x627;&#x62A;. &#x635;&#x641;&#x642;&#x629; &#x627;&#x644;&#x63A;&#x630;&#x627;&#x621; &#x645;&#x642;&#x627;&#x628;&#x644; &#x627;&#x644;&#x631;&#x624;&#x648;&#x633;. &#x627;&#x644;&#x645;&#x641;&#x627;&#x648;&#x636;&#x627;&#x62A; &#x628;&#x64A;&#x646; &#x634;&#x627;&#x631;&#x648;&#x646; &#x648;&#x623;&#x628;&#x648; &#x639;&#x645;&#x627;&#x631;</subfield>
  </datafield>
  <datafield tag="546" ind1=" " ind2=" ">
    <subfield code="a">&#x628;&#x627;&#x644;&#x644;&#x63A;&#x629; &#x627;&#x644;&#x639;&#x631;&#x628;&#x64A;&#x629; &#x648;&#x627;&#x644;&#x625;&#x646;&#x62C;&#x644;&#x64A;&#x632;&#x64A;&#x629;</subfield>
  </datafield>
  <datafield tag="650" ind1=" " ind2=" ">
    <subfield code="a">&#x627;&#x644;&#x646;&#x632;&#x627;&#x639; &#x627;&#x644;&#x639;&#x631;&#x628;&#x649; &#x627;&#x644;&#x625;&#x633;&#x631;&#x627;&#x626;&#x64A;&#x644;&#x649; </subfield>
    <subfield code="9">15086</subfield>
  </datafield>
  <datafield tag="651" ind1=" " ind2=" ">
    <subfield code="9">22013</subfield>
    <subfield code="a">&#x641;&#x644;&#x633;&#x637;&#x64A;&#x646;</subfield>
    <subfield code="x">&#x62A;&#x627;&#x631;&#x64A;&#x62E;</subfield>
    <subfield code="y">&#x627;&#x644;&#x639;&#x635;&#x631; &#x627;&#x644;&#x62D;&#x62F;&#x64A;&#x62B; -- &#x627;&#x644;&#x627;&#x62D;&#x62A;&#x644;&#x627;&#x644; &#x627;&#x644;&#x635;&#x647;&#x64A;&#x648;&#x646;&#x64A;</subfield>
  </datafield>
  <datafield tag="653" ind1=" " ind2=" ">
    <subfield code="c">July2011</subfield>
  </datafield>
  <datafield tag="700" ind1=" " ind2=" ">
    <subfield code="9">26266</subfield>
    <subfield code="a">&#x641;&#x648;&#x62F;&#x629;&#x60C; &#x64A;&#x633;&#x631;&#x64A;</subfield>
  </datafield>
  <datafield tag="710" ind1=" " ind2=" ">
    <subfield code="9">26253</subfield>
    <subfield code="a">&#x642;&#x646;&#x627;&#x629; &#x627;&#x644;&#x62C;&#x632;&#x64A;&#x631;&#x629;</subfield>
  </datafield>
  <datafield tag="942" ind1=" " ind2=" ">
    <subfield code="c">CDVDDOC</subfield>
    <subfield code="k">956.903 &#x62D; &#x635; &#x627;</subfield>
    <subfield code="2">ddc</subfield>
    <subfield code="h">RDA-MOD</subfield>
  </datafield>
  <datafield tag="999" ind1=" " ind2=" ">
    <subfield code="c">5117</subfield>
    <subfield code="d">5117</subfield>
  </datafield>
  <datafield tag="336" ind1=" " ind2=" ">
    <subfield code="2">rdacontent</subfield>
    <subfield code="a">&#x646;&#x635;</subfield>
    <subfield code="b">txt</subfield>
  </datafield>
  <datafield tag="337" ind1=" " ind2=" ">
    <subfield code="a">&#x628;&#x62F;&#x648;&#x646; &#x648;&#x633;&#x64A;&#x637;</subfield>
    <subfield code="2">rdamedia</subfield>
    <subfield code="b">n</subfield>
  </datafield>
  <datafield tag="338" ind1=" " ind2=" ">
    <subfield code="a">&#x645;&#x62C;&#x644;&#x62F;</subfield>
    <subfield code="b">nc</subfield>
    <subfield code="2">rdacarrier</subfield>
  </datafield>
  <datafield tag="952" ind1=" " ind2=" ">
    <subfield code="0">0</subfield>
    <subfield code="1">0</subfield>
    <subfield code="2">ddc</subfield>
    <subfield code="4">0</subfield>
    <subfield code="7">0</subfield>
    <subfield code="a">MAIN</subfield>
    <subfield code="b">MAIN</subfield>
    <subfield code="c">2ND</subfield>
    <subfield code="d">2016-10-07</subfield>
    <subfield code="e">Purchase</subfield>
    <subfield code="o">956.903 &#x62D; &#x635; &#x627;</subfield>
    <subfield code="p">000006093</subfield>
    <subfield code="r">2022-08-24 00:00:00</subfield>
    <subfield code="s">2009-10-19</subfield>
    <subfield code="y">CDVDDOC</subfield>
  </datafield>
</record>
